Ética y ciencia. (Registro nro. 2301)

Detalles MARC
000 -LEADER
fixed length control field 00960nam a2200265 a 4500
005 - FECHA ULTIMA MODIFICACION
control field 20240412124149.0
008 - CAMPO DE CONTROL (LIBRO)
fixed length control field 100309t1996||||ag f 01 s sp spa d
020 ## - INTERNATIONAL STANDARD BOOK NUMBER
ISBN 9507861165
041 ## - CODIGO DE IDIOMA
Código de idioma del texto/pista de sonido o título separado spa
092 ## - SIGNATURA TOPOGRAFICA DEWEY LOCAL
número de clasificación 170
libristica 33
sección HEL
100 1# - ENTRADA PRINCIPAL--NOMBRE PERSONAL
Nombre personal Heler, Mario
9 (RLIN) 3136
245 ## - TITULO PROPIAMENTE DICHO
Título Ética y ciencia.
Subtítulo y Título paralelo La responsabilidad del martillo /
Mención de responsabilidad y remanente de la transcripción de la portada Mario Heler
250 ## - MENCION DE EDICION
Mención de edición 1a ed.
260 ## - PIE DE IMPRENTA
Lugar de publicación, distribución, etc Buenos Aires:
Nombre de la editorial, distribuidor, etc Biblos;
Fecha de publicación 1996.
300 ## - DESCRIPCION FISICA
Extension 95 p.
Dimensiones 20x14 cm.
500 ## - NOTA GENERAL
Nota general Heler, M. (1996). Ética y ciencia. La responsabilidad del martillo. (1a ed.). Buenos Aires : Biblios.
590 ## - NOTAS LOCALES (RLIN)
Nota local Donación Dora Vera, Febrero 2017
653 ## - TÉRMINO INDIZADO - PALABRAS CLAVES
Palabra clave Ciencia y ética?
653 #3 - TÉRMINO INDIZADO - PALABRAS CLAVES
Palabra clave El triunfo de la ciencia moderna
653 #3 - TÉRMINO INDIZADO - PALABRAS CLAVES
Palabra clave La superioridad del saber científico
653 #3 - TÉRMINO INDIZADO - PALABRAS CLAVES
Palabra clave La ciencia como práctica social: la empresa científica
653 ## - TÉRMINO INDIZADO - PALABRAS CLAVES
Palabra clave Etica y ciencia: culpabilidad o responsabilidad?
653 #3 - TÉRMINO INDIZADO - PALABRAS CLAVES
Palabra clave La utilidad de la ciencia y su financiación
942 ## - ADDED ENTRY ELEMENTS (KOHA)
Source of classification or shelving scheme Dewey Decimal Classification
Item type Libros
Existencias
Estado de retiro Existencia Fuente de clasificación Estado general No para prestamo Ubicación permanente ubicación actual Sala de ubicación Fecha de adquisición Fuente de adquisición Total Checkouts Número de clasificación Código de barras Date last seen Número de ejemplar Price effective from Koha tipo de elemento (item) Public note
    Dewey Decimal Classification     Biblioteca Medicina Biblioteca Medicina Circulación 21/02/2017 Donación Dora Vera, Febrero 2017   170 33 HEL 3764 21/02/2017 Ej.1 21/02/2017 Libros Donación Dora Vera, Febrero 2017

UNIVERSIDAD NACIONAL DEL COMAHUE
Biblioteca de la Facultad de Ciencias Médicas
Sede Toschi: Los Arrayanes y Av. Toschi, Cipolletti  - Rio Negro
Sede Los Tordos:  Yrigoyen al 2211, Cipolletti - Rio Negro 

Teléfono: 0299 - 4774707 int 25
Contacto: biblioteca@facimed.uncoma.edu.ar
© 2011 - 2026